عرض عادي عرض مارك
  • صادق، سامر عبد الله.

مدخل إسم شخص

عدد التسجيلات المستخدمة في: 1

001 - رقم الضبط

  • حقل الضبط: 3338

003 - معرف رقم الضبط

  • حقل الضبط: OSt

005 - تاريخ ووقت أخر عملية

  • حقل الضبط: 20110826144400.0

008 - عناصر بيانات ثابتة الطول

  • حقل تحكم ثابت الطول: 110826|||a|||||| | ||| d

040 ## - مصدر الفهرسة

  • هيئة الفهرسة الأصلية: OSt
  • وكالة الكتابة: OSt

100 ## - مدخل -- أسم شخص

  • إسم شخص: صادق، سامر عبد الله.

670 ## - بيانات المصدر موجوده

  • الاستشهاد بالمصدر: Work cat.: (OSt): صادق، سامر عبد الله., مقدمة إلى مفاهيم قواعد البيانات , 2010